<?xml version="1.0" encoding="UTF-8"?><?xml-stylesheet type="text/xsl" href="static/style.xsl"?><OAI-PMH xmlns="http://www.openarchives.org/OAI/2.0/" xmlns:xsi="http://www.w3.org/2001/XMLSchema-instance" xsi:schemaLocation="http://www.openarchives.org/OAI/2.0/ http://www.openarchives.org/OAI/2.0/OAI-PMH.xsd"><responseDate>2026-06-02T00:42:22Z</responseDate><request verb="GetRecord" identifier="oai:riuma.uma.es:10630/17125" metadataPrefix="marc">https://riuma.uma.es/rest/oai/request</request><GetRecord><record><header><identifier>oai:riuma.uma.es:10630/17125</identifier><datestamp>2026-02-03T11:57:36Z</datestamp><setSpec>com_10630_2254</setSpec><setSpec>col_10630_37959</setSpec></header><metadata><record xmlns="http://www.loc.gov/MARC21/slim" xmlns:dcterms="http://purl.org/dc/terms/" xmlns:doc="http://www.lyncode.com/xoai" xmlns:xsi="http://www.w3.org/2001/XMLSchema-instance" xsi:schemaLocation="http://www.loc.gov/MARC21/slim http://www.loc.gov/standards/marcxml/schema/MARC21slim.xsd">
   <leader>00925njm 22002777a 4500</leader>
   <datafield ind2=" " ind1=" " tag="042">
      <subfield code="a">dc</subfield>
   </datafield>
   <datafield ind2=" " ind1=" " tag="720">
      <subfield code="a">Casado-Cordón, Juan</subfield>
      <subfield code="e">author</subfield>
   </datafield>
   <datafield ind2=" " ind1=" " tag="260">
      <subfield code="c">2019-01-08</subfield>
   </datafield>
   <datafield ind2=" " ind1=" " tag="520">
      <subfield code="a">Several series of aromatic and quinoidal compounds, such as oligothiophenes (Scheme 1), oligophenylene-vinylenes, oligoperylenes (oligophenyls) and graphene nanoribbon derivatives, are studied in the common context of the capability to stabilize diradical structures. [1,2,3,4]. In this work, we try to clarify how several driving forces (i.e., thermodynamic and entropic) are responsible for the generation of diradical and diradicaloid structures.  A combination of different types of molecular spectroscopies (i.e., electronic absorption, electronic emission, excited state absorption, vibrational Raman, vibrational infrared, etc.) as well as hybridized with thermal and pressure-dependent techniques are shown to provide important information about the origin of the formation and stabilization of diradicals. From a conceptual point of view, we analyze these properties in the context of the oligomer approach which is the study of the evolution of these spectroscopic quantities as a function of the oligomer size. &#xd;
&#xd;
References&#xd;
&#xd;
[1] P. Mayorga Burrezo, J.L. Zafra, J. Casado. Angew. Chem. Int. Ed., 2017, 56, 2250.&#xd;
[2] J. Casado, R. Ponce Ortiz, J. T. Lopez Navarrete, Chem. Soc. Rev. 2012, 41, 5672.&#xd;
[3] P. Mayorga Burrezo, X. Zhu, S. F. Zhu, Q. Yan, J. T. Lopez Navarrete, H. Tsuji, E. Nakamura, J. Casado, J. Am. Chem. Soc.  2015, 137, 3834-3843.&#xd;
[4] J. Casado, Para-quinodimethanes: A unified review of the quinoidal-versus-aromatic competition and its implications. Top. Curr. Chem. 2017, 375, 73.</subfield>
   </datafield>
   <datafield ind1="8" ind2=" " tag="024">
      <subfield code="a">https://hdl.handle.net/10630/17125</subfield>
   </datafield>
   <datafield tag="653" ind2=" " ind1=" ">
      <subfield code="a">Energía mecánica</subfield>
   </datafield>
   <datafield ind2="0" ind1="0" tag="245">
      <subfield code="a">Diradicals and their driving forces</subfield>
   </datafield>
</record>
</metadata></record></GetRecord></OAI-PMH>